000
00246nam a2200109Ia 4500
008
200302s9999 xx 000 0 und d
100
_a
Matilda Mcquaid
245
_a
Shigeru Ban
260
_b
Phaidon Press Ltd.
260
_c
2003
300
_a
240 P.,
999
_c
2581
_d
2581